000 00913nam a22002417a 4500
001 000708
003 DO-SdBNP
005 20240215120033.0
007 000708
008 161116b 2018 dr a | |||| 00| 0 spa d
040 _aBPMSU
_bspa
_cBPMSU
082 4 _a372.21
_bE24a 2018
_222
245 0 0 _aEducación :
_baprendemos (alfabeización y matemática)
_c
260 _aSanto Domingo :
_bGobierno de la República Dominicana,
_c2018
_b
300 _a4 p. :
_bil. ;
_c21 cm.
505 0 _tEducación --
_tDescripción del proyecto y población meta --
_tEstrategia de implementación, seguimiento y evaluación.
_t
_t
590 _aInventariado, 2024/VM
650 4 _aProyecto educativo y pedagógico alternativo
_zRepública Dominicana
650 4 _aMatemáticas
_xEnseñanza preescolar
710 2 _aGobierno de la República Dominicana
910 _aVMateo V. Control de calidad BPMSU
942 _2ddc
_cBK
999 _c14569
_d14569